000 00638nam a22001937a 4500
999 _c13221
_d13221
003 AR-CdUCM
008 190411b ||||| |||| 00| 0 spa d
040 _aMUNICIPALIDAD PROVINCIAL DEL CUSCO
_cBIBLIOTECA MUNICIPAL DEL CUSCO
082 _a599.4 /
_bC36
100 _aCeballos BendezĂș, Ismael
_931502
245 _aQuiropteros del departamento de Loreto :
_bPerĂș /
260 _aCusco :
_bUniversidad Nacional de San Antonio Abad del Cusco,
_c1968.
300 _a60 paginas ;
_c23 cm.
650 _aHistoria
_9136
650 _aColeccion
_92826
650 _aQriropteros
_931503
942 _2ddc
_cFOLLETOS
945 _arjall
_d2019-04-11